PENGUJIAN DAN PENILAIAN PSIKOLOGI DALAM KAUNSELING

Bibliographic Details
Main Authors: Abu Yazid Abu Bakar (Author), Amla Mohd Salleh (Author), Dharatun Nissa Fuad Mohd Karim (Author)
Format: Book
Language:Malay
Published: Bangi, Selangor : Penerbit Universiti Kebangsaan Malaysia 2017
Subjects:

MARC

LEADER 00000cam a2200000 7i4500
001 0000029237
005 20241126.0
008 210427 my a may
020 |a 9789674124960 
040 |a INS   |b eng   |e rda 
090 0 0 |a BF637   |b A28 2017 
100 0 |a Abu Yazid Abu Bakar ,   |e author 
245 1 0 |a PENGUJIAN DAN PENILAIAN PSIKOLOGI DALAM KAUNSELING   |c Abu Yazid Abu Bakar, Amla Mohd Salleh, Dharatun Nissa Fuad Mohd Karim 
264 1 |a Bangi, Selangor :   |b Penerbit Universiti Kebangsaan Malaysia   |c 2017 
264 4 |c ©2017 
300 |a 152 pages :   |b graphs, illustrations ;   |c 21 cm. 
336 |a text  |2 rdacontent 
337 |a unmediated  |2 rdamedia 
338 |a volume  |2 rdacarrier 
500 |a Includes index 
504 |a Includes bibliographical references : pages 143-150 
650 0 |a Counseling. 
650 0 |a Psychotherapy. 
700 0 |a Amla Mohd Salleh ,   |e author 
700 0 |a Dharatun Nissa Fuad Mohd Karim ,   |e author 
999 |a 1000004194   |b BOOK   |c Open Shelf   |e Default branch